Electric machinery/ (Record no. 179924)

MARC details
000 -LEADER
fixed length control field 00682nam a22002177a 4500
005 - DATE AND TIME OF LATEST TRANSACTION
control field 20210716145327.0
010 ## - LCCN (DPL NO)
LC control number ENG-129574
020 ## - INTERNATIONAL STANDARD BOOK NUMBER
International Standard Book Number 978-93-89949-66-7
Terms of availability 830.00
035 ## - SYSTEM CONTROL NUMBER
System control number EN-113106
037 ## - SOURCE OF ACQUISITION
Source of stock number/acquisition DBAD/PUB
082 ## - DEWEY DECIMAL CLASSIFICATION NUMBER
Classification number 621.31042
100 ## - MAIN ENTRY--PERSONAL NAME
Personal name Stephen D. umans
245 ## - TITLE STATEMENT
Title Electric machinery/
Statement of responsibility, etc By Umans, Stephen D.
250 ## - EDITION STATEMENT
Edition statement 7th
260 ## - PUBLICATION, DISTRIBUTION, ETC. (IMPRINT)
Place of publication, distribution, etc Alapakkam
Name of publisher, distributor, etc Mc Graw Hill
Date of publication, distribution, etc 2020
270 ## - ADDRESS
Address 444/1,Sri Ekambara Naicker Industrial Estate,Alapakkam,Porur
City Chennai
Postal code 600116
Electronic mail address info.india@mheducation.com
Telephone number 18001035875
300 ## - PHYSICAL DESCRIPTION
Extent 706p;
Dimensions 24cm(PB)
490 ## - SERIES STATEMENT
Series statement Fitzgerald & kingsleys series
700 ## - ADDED ENTRY--PERSONAL NAME
Personal name )
942 ## - ADDED ENTRY ELEMENTS (KOHA)
Source of classification or shelving scheme Dewey Decimal Classification
Item type English Books
Classification part 621.31042
Call number suffix UMA
Holdings
Withdrawn status Lost status Not for loan Collection code Home library Current library Date acquired Source of acquisition Cost, normal purchase price Full call number Barcode Copy number Cost, replacement price Koha item type
      Non-fiction Central Library Central Library 16/07/2021 DBAD/PUB 830.00 621.31042 UMA EN-113106 1 830.00 English Books

© Delhi Public Library
Hit Counter
free hit counter